| 000 | 00835nam a2200265 a 4500 | ||
|---|---|---|---|
| 001 | BRCA_293 | ||
| 005 | 20190320202941.0 | ||
| 008 | 971120s1996 mx-#---##b---f000-0bspa-# | ||
| 020 | _a968365147X | ||
| 040 |
_aDLC _cDLC |
||
| 041 | _aspa | ||
| 044 | _amx | ||
| 050 | 4 |
_aF1231.R6 _b.T67 1996 |
|
| 100 | 1 |
_aTorre Villar, Ernesto de la _9983 |
|
| 245 | 1 | 0 |
_aEl humanista Juan Rodríguez de León Pinelo _cErnesto de la Torre Villar. |
| 260 |
_aMéxico _bUNAM _c1996 |
||
| 300 |
_a298 p. _c21 cm. |
||
| 440 | 0 |
_aAnejos de Novahispania _v2 _9984 |
|
| 504 | _aIncluye referencias bibliográficas | ||
| 600 | 1 | 4 |
_aRodríguez de León, Juan _dd. 1644 _9985 |
| 610 | 2 | 4 |
_aIglesia católica _xClero _zMéxico _9986 |
| 650 | 1 | 4 |
_aIntelectuales _xSiglo XVII _zMéxico _9987 |
| 651 | 4 |
_aMéxico _xVida intelectual _ySiglo XVII _9988 |
|
| 942 |
_2lcc _cB |
||
| 999 |
_c237 _d237 |
||